01006nas a2200229Ia 4500001001100000003000900011008004100020040001300061040001300074041001300087100004400100210001200144222001200156245012800168250001100296260002400307501008600331300002000417362003400437500026200471650004300733R142/G5589IT-RoPAU151124c99999999xx |||||||||||| ||und|| aIT-RoPAU cIT-RoPAU aFRANCESE aCallon MichelgCodice Aut. SPICS: 31952 aRESEAUX aReseaux aRESEAUX, N.099 (GENNAIO/FEBBRAIO 2000)bAnalyse Des Relations Strategiques Entre Laboratoires Universitaires Et Entreprises a1a ed. aPARISbHERMESc2000 bPaulus - SPICS - Società San Paolo EM (non-commercial uses only)cCopyright2015 a47 p. [171-217] aN.099 (GENNAIO/FEBBRAIO 2000) aAnalisi Delle Relazioni Strategiche tra Laboratori Universitari e Imprese.Statuto Economico del Sapere Scientifico nella Nuova Economia Delle Scienze: Proprietà Economiche Delle Conoscenze, Conoscenze Scientifiche e Coordinazione per il Mercato. per L'Ant aCOMUNICAZIONEvPUBBLICAZIONE PERIODICA